00355nam a22001097a 4500082003100000100002700031245007700058260003900135300002600174526003700200650000800237 a297.63bSHEcl-31-11, P-28 aKhetab, Muhammad Sheit aاآں حضرت بحیشیت سپہ سالارcKhetab, Muhammad Sheit aLahorebElmi printing press lahore a636p.:bill,;c15 cm. a0b0c0d297_630000000000000_SHE aMCE